000 00448nam a2200181Ia 4500
005 20250613013834.0
008 240331s9999 xx 000 0 und d
082 _bRAJ
_a320
100 _aRajapaksha, R
245 0 _aRajyaye sadacharathmaka padanama
260 _aNugegoda
_bDeepani Printers & Publishers
_c1991
300 _a64 p .,
650 _aEthical
650 _aPolitical
650 _aPhilosophical
650 _aProblems
942 _cL
999 _c2263
_d2263